000 00513nam a2200193Ia 4500
003 GCL
008 140319s9999 xx 000 0 ara d
040 _aGCL /
_cGCL
082 0 4 _a956.501
_bت ق
100 1 _aتقى شرف الدين
245 1 0 _aالنصيرية : دراسة تحليلية /
_cتقى شرف الدين
300 _a231 ص
490 _a
650 0 4 _aتاريخ
650 0 4 _aالاحوال السياسية
650 0 4 _aسوريا
650 0 4 _aالنصيرية
942 _2ddc
_cBK
999 _c38088
_d38088